Slzy, smiech a slad smrti

Bibliographic Details
Main Author: Turan, Andrijan, 1962- (Author)
Format: Article
Language:Slovak
ISSN:0231-6714
Subjects:

MARC

LEADER 00000nab a2200000 a 4500
001 vtls008951747
003 SK-MaSNL
005 20260304140058.0
008 250505c2007 xo mr|p|||||||000 b|slo
015 |a SNBRB2007/03  |2 snkbucl 
035 |a (uuid)4dfe66f8-e7c2-4585-8ac6-280e79021e6f 
035 |a urn:nbn:sk:snk-abc1f0 
035 |a (urnnbn)urn:nbn:sk:snk:ar-000iq1 
038 |a SNKBUCL 
040 |a SNKBUCL  |b slo  |c SNKBUCL  |e AACR2 
041 0 |a slo 
044 |a xo  |c SK 
080 |a 82.09:821.161.1-32  |x (048)  |2 2001 
080 |a 821.161.1-32  |x (048)  |2 2001 
100 1 |a Turan, Andrijan,  |d 1962-  |4 aut  |9 94167 
245 1 0 |a Slzy, smiech a slad smrti  |c Andy Turan 
650 0 7 |a spoločenské poviedky, ruské  |x recenzie  |2 snkbucl  |9 1052626 
655 7 |a recenzie  |2 snkbucl  |9 21907 
773 0 |t Romboid  |g Roč. XLII, č. 1 (2007), s. 72-74  |x 0231-6714 
787 0 8 |i Rec.:  |a Babeľ, Isaak Emmanuilovič, 1894-1941  |t Ako to chodilo v Odese  |d Bratislava : Slovart, 2005  |z 8080850275 
850 |a Slovenská národná knižnica 
852 |a Slovenská národná knižnica 
958 |a article15 
958 |a OND 
958 |a LX 
958 |a RU 
958 |a RC 
958 |a EUIPO 
999 |c 2913486  |d 2915416